| 000 | 00384nam a2200169Ia 4500 | ||
|---|---|---|---|
| 003 | 0STCL | ||
| 008 | 150530s9999 xx 000 0 und d | ||
| 040 |
_aSTCL _cSTCL |
||
| 100 | _aYadavendra Sharma Chandra | ||
| 245 | _aChooner Ki Peetha | ||
| 260 |
_bMalik Co ; Jaipur _c1966 |
||
| 300 | _a0 | ||
| 546 | _aHindi | ||
| 942 |
_2ddc _cBK |
||
| 999 |
_c64830 _d64830 |
||
| 005 | 20220125171253.0 | ||